000
00331nam a2200145 a 4500
005
20140412111240.0
008
020409s19uu xx 00 eng d
050
_a
Fil 959.9
_b
H78 1991
100
_a
Hatherly, Sheila
245
_a
Philippines /.
260
_c
1991.
300
_a
45p
650
_a
Philippines
999
_c
102697
_d
102697